000 00359pam a2200157a 44500
008 230515b2008 xxu||||| |||| 00| 0 eng d
020 _aNULL
041 _aENGLISH
082 _a610.73
100 _aMARY LUCITA & ALEYAMMA EAPEN
245 _aCARDIOVASCULAR NURSING
250 _a0
260 _a
_bE L S E V I R
_c2008
300 _a291
650 _aNULL
999 _c526237
_d526237